"Biflování" versus e-learning?
Objasnenie a vymedzenie pojmu e-learning. Štúdium off-line a jeho zložky. Využívanie e-learningu. Efektívne využitie informačných technológií. Kľúčová vlastnosť e-learningu. Výhody e-learningu.
Enregistré dans:
| Auteur principal: | |
|---|---|
| Autres auteurs: | |
| Format: | Chapitre de livre |
| Langue: | tchèque |
| Sujets: | |
| Tags: |
Pas de tags, Soyez le premier à ajouter un tag!
|
MARC
| LEADER | 00000naa$a2200000$$$4500 | ||
|---|---|---|---|
| 001 | 0004376 | ||
| 005 | 20231004101130.9 | ||
| 041 | 0 | |a cze | |
| 044 | |a CZ | ||
| 245 | 1 | 0 | |a "Biflování" versus e-learning? |c aut. Zdeněk Brodský, Jean Kocman |
| 520 | |a Objasnenie a vymedzenie pojmu e-learning. Štúdium off-line a jeho zložky. Využívanie e-learningu. Efektívne využitie informačných technológií. Kľúčová vlastnosť e-learningu. Výhody e-learningu. | ||
| 610 | 2 | 0 | |a technológie komunikačné |
| 610 | 2 | 0 | |a technológie informačné |
| 610 | 2 | 0 | |a vzdelávanie |
| 610 | 2 | 0 | |a vzdelávanie elektronické |
| 610 | 2 | 0 | |a vzdelávanie ďalšie |
| 610 | 2 | 0 | |a internet |
| 100 | 1 | |a Brodský, Zdeněk | |
| 700 | 1 | |a Kocman, Jean | |